000
00263nam a22001217a 4500
008
170830b xxu||||| |||| 00| 0 eng d
041
_a
eng
080
_2
3RD
_a
621.397.13
100
_a
40
101
_a
MED
245
_a
POWER PRODUCER
_c
SMITH,D
942
_2
udc
_c
BK
999
_c
25583
_d
25583